000 00483nam a22001577a 4500
005 20251108164102.0
008 250721s1995 xx 000 0 ara d
082 1 4 _a216,92/قرض
100 1 _aالقرضاوي، يوسف
245 1 0 _aدور القيم و الأخلاق في الإقتصاد الإسلامي /
264 1 _aالقاهرة :
_bمكتبة وهبه،
_c1995.
300 _a440ص
650 1 7 _aالإقتصاد الإسلامي
942 _2ddc
_cBK
999 _c3234
_d3234